Countries Trump has banned citizens from entering US - Statistics

General Stats
  • This quiz has been taken 494 times
  • The average score is 5 of 7
Answer Stats
Country % Correct
Iran
96%
Iraq
95%
Syria
91%
Yemen
76%
Libya
65%
Somalia
64%
Sudan
63%
No matching quizzes found
Score Distribution
Percent of People with Each Score
Percentile by Number Answered
Your Score History
You have not taken this quiz